[Event "15th London Classic Open"]
[Site "London ENG"]
[Date "2025.11.30"]
[Round "6.38"]
[White "Vu Dinh, Adrien"]
[Black "Kapechun, Mikhailo"]
[Result "1-0"]
[WhiteElo "2281"]
[BlackElo "2174"]
[WhiteFideId "45186995"]
[BlackFideId "34147527"]
[EventDate "2025.11.27"]

1. e4 e6 2. d4 d5 3. Nd2 c5 4. Ngf3 cxd4 5. exd5 Qxd5 6. Bc4 Qd6 7. Qe2 Nf6 8.
Nb3 Nc6 9. Bg5 Be7 10. O-O-O O-O 11. Nbxd4 Qc5 12. h4 a6 13. Nxc6 Qxc6 14. Ne5
Qc7 15. Bd3 b5 16. Kb1 Ra7 17. h5 Bb7 18. Bxf6 Bxf6 19. Nd7 Rc8 20. Nxf6+ gxf6
21. Qg4+ Kf8 22. h6 Ke7 23. Bxh7 Raa8 24. Rhe1 Qc4 25. Rd4 Qc6 26. Red1 Rc7 27.
Be4 Qc5 28. c3 Qg5 29. Qf3 Bxe4+ 30. Qxe4 Qg6 31. Qxg6 fxg6 32. Rd6 Rh8 33. Rxa6
Rxh6 34. Rb6 Rh2 35. Rdd6 Rh1+ 36. Kc2 Re1 37. Rd2 Re5 38. f4 Re4 39. g3 e5 40.
Rh2 Kf8 41. Rxf6+ Kg7 42. Re6 Rc5 43. Kb3 Kf7 44. Rxe5 Rexe5 45. fxe5 Rxe5 46.
Rf2+ Ke6 47. Kb4 Rg5 48. Rf3 Kd5 49. Re3 Kc6 50. c4 Rg4 51. b3 bxc4 52. bxc4 Kb6
53. a4 Ka6 54. Kc5 Ka5 55. Kd5 Rg5+ 56. Kd6 Kb4 57. c5 Rg4 58. Rd3 Kxa4 59. c6
Kb5 60. c7 Rc4 61. Rb3+ Ka6 62. Rb8 1-0

[Event "15th London Classic Open"]
[Site "London ENG"]
[Date "2025.11.30"]
[Round "6.39"]
[White "Noy, Eyal"]
[Black "Panda, Barnabas"]
[Result "0-1"]
[WhiteTitle "FM"]
[WhiteElo "2275"]
[BlackElo "2099"]
[WhiteFideId "2821117"]
[BlackFideId "799556"]
[EventDate "2025.11.27"]

1. d4 Nf6 2. c4 e6 3. Nf3 Bb4+ 4. Nbd2 O-O 5. a3 Bxd2+ 6. Qxd2 d6 7. e3 Qe7 8.
Be2 e5 9. O-O a5 10. b3 Nbd7 11. Bb2 e4 12. Ne1 d5 13. c5 Ne8 14. Nc2 f5 15. b4
g5 16. Rae1 Ng7 17. Na1 f4 18. f3 Nf6 19. Nc2 Nf5 20. Qc1 axb4 21. axb4 exf3 22.
Bxf3 g4 23. exf4 Qg7 24. Be2 g3 25. h3 Nh4 26. Ne3 c6 27. Bd3 Bd7 28. f5 Kh8 29.
Rf4 Qg5 30. Ref1 Rae8 31. Bc3 Nh5 32. Rxh4 Qxh4 33. Ng4 Nf6 34. Ne5 Ra8 35. Bd2
Qxd4+ 36. Kh1 Qxe5 37. Re1 Qd4 38. Bb1 Rae8 39. Rd1 Re2 40. Bh6 Qf2 41. Rg1 Rfe8
42. Qg5 Qxg1+ 0-1

[Event "15th London Classic Open"]
[Site "London ENG"]
[Date "2025.11.30"]
[Round "6.40"]
[White "Manmay Chopra"]
[Black "Sivanandan, Bodhana"]
[Result "0-1"]
[WhiteTitle "CM"]
[BlackTitle "WIM"]
[WhiteElo "2142"]
[BlackElo "2233"]
[WhiteFideId "25649191"]
[BlackFideId "497592"]
[EventDate "2025.11.27"]

1. Nf3 d5 2. b3 Bf5 3. Bb2 e6 4. g3 Nd7 5. Bg2 h6 6. O-O Ngf6 7. d3 Be7 8. Nc3
O-O 9. Nd2 c6 10. e4 dxe4 11. dxe4 Bh7 12. Qe2 Qc7 13. a4 a5 14. Nc4 Nb6 15. Kh1
Rfd8 16. Rad1 Nxc4 17. Qxc4 Qb6 18. Qe2 Rxd1 19. Rxd1 Rd8 20. f3 Rxd1+ 21. Qxd1
Qd8 22. Qxd8+ Bxd8 23. Kg1 Bb6+ 24. Kf1 Kf8 25. Ne2 Nd7 26. Bd4 Bxd4 27. Nxd4 e5
28. Ne2 f6 29. Ke1 Ke7 30. Kd2 Bg8 31. Bf1 Kd6 32. Nc1 Nc5 33. Kc3 Be6 34. Kd2
Bd7 35. Na2 Ne6 36. Be2 b5 37. b4 axb4 38. axb5 c5 39. c4 Nd4 40. Nc1 Be6 41.
Kd3 g5 42. Bd1 Bh3 43. Ke3 Be6 44. Kd3 Bf7 45. g4 h5 46. h3 h4 47. Nb3 Nxb5 48.
Na5 Na3 49. Nb7+ Kc7 50. Nxc5 Bxc4+ 51. Ke3 Kc6 52. Na4 Bb5 53. Nb2 Nc4+ 0-1

[Event "15th London Classic Open"]
[Site "London ENG"]
[Date "2025.11.30"]
[Round "6.41"]
[White "Balaji, Aaravamudhan"]
[Black "Gurevich, Artjom"]
[Result "1-0"]
[WhiteTitle "IM"]
[WhiteElo "2305"]
[BlackElo "2163"]
[WhiteFideId "436224"]
[BlackFideId "2603870"]
[EventDate "2025.11.27"]

1. d4 d5 2. c4 e6 3. Nf3 c5 4. cxd5 exd5 5. e3 Nc6 6. Bb5 Nf6 7. O-O Bd7 8. b3
cxd4 9. Nxd4 Bd6 10. Bb2 O-O 11. Nd2 Qe7 12. Rc1 Rac8 13. Be2 a6 14. Nxc6 bxc6
15. Bxa6 Ra8 16. Qe2 Rfb8 17. Nf3 Ne4 18. Bd3 Bg4 19. Ba1 Ng5 20. Qb2 Nxf3+ 21.
gxf3 Qg5 22. h4 Bh2+ 23. Kxh2 Qxh4+ 24. Kg1 f6 25. Qd4 h5 26. fxg4 Rxa2 27. Rxc6 1-0

[Event "15th London Classic Open"]
[Site "London ENG"]
[Date "2025.11.30"]
[Round "6.42"]
[White "Dobrosmyslov, Artem"]
[Black "Pollack, Oscar"]
[Result "0-1"]
[WhiteTitle "FM"]
[WhiteElo "2254"]
[BlackElo "2099"]
[WhiteFideId "24139521"]
[BlackFideId "429414"]
[EventDate "2025.11.27"]

1. e4 e6 2. d4 d5 3. Nd2 Nf6 4. e5 Nfd7 5. Bd3 c5 6. c3 Nc6 7. Ngf3 g6 8. a3 Qb6
9. h4 cxd4 10. cxd4 Nxd4 11. Nxd4 Qxd4 12. Nf3 Qg4 13. h5 gxh5 14. Rh4 Qxg2 15.
Bg5 Nxe5 16. Nxe5 Qg1+ 17. Ke2 Qxg5 18. Qa4+ Ke7 19. Qb4+ Kf6 20. Rf4+ Kxe5 21.
Qc3+ Kd6 22. Qb4+ Ke5 23. Qc3+ Kd6 24. Qb4+ Kd7 25. Qa4+ Ke7 26. Rc1 Bd7 27.
Qb4+ Ke8 28. Qxb7 Qe5+ 29. Re4 Rb8 30. Qxd7+ Kxd7 31. Rxe5 Rxb2+ 32. Rc2 Rxc2+
33. Bxc2 Bxa3 34. Rxh5 a5 35. Rxh7 Rxh7 36. Bxh7 f5 37. Kd3 Bc5 38. f3 a4 0-1

[Event "15th London Classic Open"]
[Site "London ENG"]
[Date "2025.11.30"]
[Round "6.43"]
[White "Shubin, Daniel"]
[Black "Abhyuday, Santhosh"]
[Result "1/2-1/2"]
[WhiteTitle "CM"]
[BlackTitle "CM"]
[WhiteElo "2235"]
[BlackElo "2094"]
[WhiteFideId "30936470"]
[BlackFideId "25624849"]
[EventDate "2025.11.27"]

1. e4 e5 2. Nf3 Nc6 3. Bc4 d6 4. h3 g6 5. d4 Bg7 6. dxe5 dxe5 7. Qxd8+ Nxd8 8.
Be3 Be6 9. Nbd2 Ne7 10. O-O-O Nec6 11. c3 O-O 12. Bd5 f6 13. Nc4 Re8 1/2-1/2

[Event "15th London Classic Open"]
[Site "London ENG"]
[Date "2025.11.30"]
[Round "6.44"]
[White "Xian, Junhao"]
[Black "Richardson, John R"]
[Result "1-0"]
[BlackTitle "FM"]
[WhiteElo "2166"]
[BlackElo "2224"]
[WhiteFideId "8607621"]
[BlackFideId "401617"]
[EventDate "2025.11.27"]

1. d4 Nf6 2. c4 e6 3. Nf3 d5 4. Bg5 Be7 5. Nc3 O-O 6. e3 h6 7. Bh4 b6 8. Be2 Bb7
9. Bxf6 Bxf6 10. cxd5 exd5 11. b4 c6 12. O-O Nd7 13. a4 a6 14. b5 axb5 15. axb5
c5 16. Qb3 cxd4 17. exd4 Re8 18. Bd3 Nf8 19. Bf5 Qd6 20. Bh3 Ne6 21. Bxe6 Qxe6
22. h3 g5 23. Qc2 Rxa1 24. Rxa1 Rc8 25. Ra7 Rc7 26. Qd3 h5 27. Qe3 Qc8 28. Ne2
Re7 29. Ne5 Bg7 30. Qc3 Rc7 31. Nc6 h4 32. Ne7+ Rxe7 33. Qxc8+ Bxc8 34. Rxe7 Bf5
35. Re3 Bc2 36. Ra3 Bf8 37. Ra8 Bd3 38. Nc3 Bc4 39. Rb8 Kg7 40. Rxb6 Bb4 41. Nd1
Bb3 42. Ne3 Bc3 43. Rc6 Bxd4 44. Nf5+ 1-0

[Event "15th London Classic Open"]
[Site "London ENG"]
[Date "2025.11.30"]
[Round "6.45"]
[White "Yoon, Jacob D"]
[Black "Aditya, Kunal Patil"]
[Result "1-0"]
[WhiteTitle "CM"]
[BlackTitle "CM"]
[WhiteElo "2160"]
[BlackElo "2208"]
[WhiteFideId "446076"]
[BlackFideId "25656716"]
[EventDate "2025.11.27"]

1. d4 d5 2. c4 e6 3. Nf3 Nf6 4. Nc3 h6 5. g3 Bd6 6. Bg2 O-O 7. O-O Nc6 8. a3
dxc4 9. Qa4 e5 10. Qxc4 exd4 11. Nxd4 Nxd4 12. Qxd4 Qe7 13. Bf4 Bxf4 14. Qxf4 c6
15. e4 Be6 16. e5 Nd7 17. Rfe1 Rad8 18. b4 a6 19. Qe3 Rfe8 20. Qa7 Nf8 21. Ne4
Bc8 22. f4 Ne6 23. Nd6 Rf8 24. Bxc6 g5 25. f5 Nc7 26. Nxc8 Rxc8 27. Bxb7 Nb5 28.
Qxa6 Qd7 29. Rad1 Qxf5 30. Bxc8 Rxc8 31. Qxb5 Rc2 32. Rd8+ Kg7 33. Qf1 1-0

[Event "15th London Classic Open"]
[Site "London ENG"]
[Date "2025.11.30"]
[Round "6.46"]
[White "Mesropyan, Hayk"]
[Black "Kovalskyi, Roman"]
[Result "1-0"]
[WhiteElo "2136"]
[BlackElo "2208"]
[WhiteFideId "499455"]
[BlackFideId "14184214"]
[EventDate "2025.11.27"]

1. e4 c5 2. Nf3 g6 3. d4 cxd4 4. Qxd4 Nf6 5. e5 Nc6 6. Qa4 Nd5 7. Qe4 Ndb4 8.
Bb5 a6 9. Ba4 b5 10. Bb3 d5 11. exd6 Qxd6 12. O-O Bg7 13. Nc3 Bf5 14. Qe2 Na5
15. Rd1 Qc7 16. Bg5 Nxb3 17. axb3 Ra7 18. Nxb5 axb5 19. Rxa7 Qxa7 20. Qxb5+ Bd7
21. Qxb4 Bc6 22. Bxe7 Bd7 23. Bc5 Qc7 24. Re1+ Be6 25. Ng5 Be5 26. Qa4+ Kd8 27.
Nxe6+ fxe6 28. Rd1+ Kc8 29. Qa8+ Qb8 30. Qa6+ Qb7 31. Qxe6+ Kb8 32. Qxe5+ Ka8
33. Ra1+ Qa6 34. Rxa6+ Kb7 35. Rb6+ Ka7 36. Qc7+ Ka8 37. Qb7# 1-0

[Event "15th London Classic Open"]
[Site "London ENG"]
[Date "2025.11.30"]
[Round "6.47"]
[White "Badrinath, S."]
[Black "Verbytski, Oleg"]
[Result "1/2-1/2"]
[WhiteTitle "CM"]
[WhiteElo "2200"]
[BlackElo "2092"]
[WhiteFideId "5029961"]
[BlackFideId "495506"]
[EventDate "2025.11.27"]

1. e4 c5 2. Nf3 d6 3. d4 cxd4 4. Nxd4 Nf6 5. Nc3 a6 6. h3 b5 7. g4 Bb7 8. Bg2 e6
9. a3 Be7 10. Be3 Nfd7 11. Qe2 Ne5 12. Rd1 Qc7 13. Bc1 Nbc6 14. Nxc6 Qxc6 15.
O-O O-O 16. f4 Nc4 17. Rd3 Rfd8 18. g5 Bf8 19. Kh1 Rac8 20. Rg3 Qc7 21. h4 d5
22. e5 Kh8 23. h5 Na5 24. Rf2 Bc5 25. Rf1 Bf8 26. Rf2 Qc4 27. Rd3 b4 28. axb4
Nc6 29. g6 Nxb4 30. Rd1 Qxe2 31. Rxe2 fxg6 32. hxg6 hxg6 33. Kh2 Kg8 34. Be3 Kf7
35. Bb6 Re8 36. Bh3 Bc5 37. Bxc5 Rxc5 38. Kg3 a5 39. Red2 Ra8 40. Ne4 Rc6 41.
Nd6+ Rxd6 42. exd6 Rd8 43. Ra1 Nc6 44. c4 Rxd6 45. cxd5 exd5 46. Bg2 Ne7 47.
Rxa5 Rb6 48. Rc5 Bc6 49. b4 g5 50. fxg5 Rxb4 51. Rxc6 Nxc6 52. Bxd5+ Kg6 53.
Bxc6 Kxg5 54. Rd5+ Kf6 55. Rd6+ Ke7 56. Rd7+ Kf6 57. Bf3 Ra4 58. Rb7 Ra6 59. Kf4
Ra4+ 60. Be4 Ra6 61. Rb5 Re6 62. Rf5+ Ke7 63. Rg5 Kf6 64. Bf5 Re7 65. Rg6+ Kf7
66. Ra6 g5+ 67. Kxg5 Kg7 68. Rh6 Kf7 69. Rh8 Kg7 70. Ra8 Rc7 71. Ra6 Re7 72. Kf4
Kf7 73. Kg5 Kg7 74. Be6 Rc7 75. Bd5 Rd7 76. Rg6+ Kh7 77. Rh6+ Kg7 78. Be6 Re7
79. Rg6+ Kh8 80. Kf5 Rg7 81. Rf6 Rg2 82. Rf8+ Kh7 83. Kf6 Rg6+ 84. Ke5 Kg7 85.
Rf7+ Kh6 86. Ra7 Rg5+ 87. Bf5 Rg7 88. Ra3 Rb7 89. Rh3+ Kg5 90. Rg3+ Kh4 91. Rg8
Rb5+ 92. Kf4 Rb4+ 93. Be4 Rb5 94. Rg1 Rb3 95. Rg4+ Kh3 96. Rg1 Kh4 97. Rh1+ Rh3
98. Rb1 Ra3 99. Rb2 Rc3 100. Rb4 Ra3 101. Bf3 Rc3 102. Be2 Kh3 103. Rb2 Kh4 104.
Bf1 Kh5 105. Rb6 Rc2 106. Rb5+ Kh4 107. Bd3 Ra2 108. Rb1 Ra4+ 109. Kf3 Kg5 110.
Rb5+ Kf6 111. Be4 Ra6 112. Kf4 Rd6 113. Rh5 Ke6 114. Rh7 Kf6 115. Rc7 Rb6 116.
Bd5 Rb4+ 117. Bc4 Rb6 118. Rh7 Rd6 119. Rf7+ 1/2-1/2

[Event "15th London Classic Open"]
[Site "London ENG"]
[Date "2025.11.30"]
[Round "6.48"]
[White "Farberov, Maxim"]
[Black "O'cuilleanain, Oisin"]
[Result "1-0"]
[WhiteElo "2133"]
[BlackElo "2170"]
[WhiteFideId "2070944"]
[BlackFideId "2514249"]
[EventDate "2025.11.27"]

1. e4 c5 2. Nf3 d6 3. d4 cxd4 4. Nxd4 Nf6 5. Nc3 g6 6. Be3 a6 7. f3 e5 8. Nb3
Be6 9. Qd2 h5 10. Nd5 Bxd5 11. exd5 Nbd7 12. a4 Qc7 13. a5 Bg7 14. Be2 O-O 15.
O-O Kh7 16. c4 Rfd8 17. Rac1 Rac8 18. h3 Ng8 19. f4 Bh6 20. f5 Rf8 21. Rf2 Bxe3
22. Qxe3 Kg7 23. Rcf1 Ngf6 24. fxg6 fxg6 25. Qg5 Qd8 26. Bd3 e4 27. Nd4 Nc5 28.
Nf5+ Kf7 29. Nh4 1-0

[Event "15th London Classic Open"]
[Site "London ENG"]
[Date "2025.11.30"]
[Round "6.49"]
[White "Varney, Zoe"]
[Black "Deepak Ambattu, Rithvik"]
[Result "0-1"]
[WhiteTitle "WFM"]
[BlackTitle "CM"]
[WhiteElo "2062"]
[BlackElo "2168"]
[WhiteFideId "436135"]
[BlackFideId "2410060"]
[EventDate "2025.11.27"]

1. e4 c5 2. d4 cxd4 3. Qxd4 Nc6 4. Qd3 g6 5. Nc3 Bg7 6. Nf3 d6 7. h3 Nf6 8. Be2
O-O 9. O-O Bd7 10. Bg5 Rc8 11. Qd2 Na5 12. Rad1 Rxc3 13. Qxc3 Nxe4 14. Qb4 Nxg5
15. Nxg5 Qc7 16. c3 h6 17. Nf3 Nc6 18. Qa3 a6 19. Rfe1 Rc8 20. Bd3 e6 21. Bf1 d5
22. Qc5 Ne5 23. Qe3 Nxf3+ 24. Qxf3 Bc6 25. Qe3 e5 26. Qc5 Bf8 27. Qe3 Re8 28. h4
h5 29. Qg3 Bd6 30. Qg5 e4 31. g3 Re5 32. Qd2 Rf5 33. b4 Be5 34. Bg2 b5 35. Qe3
Bf6 36. Qd2 g5 37. hxg5 Rxg5 38. Re3 Rg6 39. f3 d4 40. cxd4 Qxg3 41. Qf2 exf3
42. d5 Qxg2+ 43. Qxg2 Rxg2+ 44. Kf1 Bd7 45. Rxf3 Rg6 46. Re3 h4 47. Kf2 h3 48.
d6 h2 49. Re7 Bxe7 50. dxe7 Bc6 51. Rc1 Be8 52. Rh1 Re6 53. Rxh2 Rxe7 54. Rh6
Re6 55. Rh4 Bc6 56. Rd4 Kg7 57. a3 f5 58. Kg3 Kf6 59. Rh4 Kg5 60. Rd4 Re3+ 61.
Kf2 Rxa3 0-1

[Event "15th London Classic Open"]
[Site "London ENG"]
[Date "2025.11.30"]
[Round "6.50"]
[White "Figeac, Aurelien"]
[Black "Vortmeier, Jan"]
[Result "0-1"]
[WhiteElo "2121"]
[BlackElo "2152"]
[WhiteFideId "616818"]
[BlackFideId "16261321"]
[EventDate "2025.11.27"]

1. e4 e5 2. Nf3 Nc6 3. Nc3 Nf6 4. Bb5 Bc5 5. O-O O-O 6. d3 Nd4 7. Bg5 c6 8. Ba4
h6 9. Bh4 Nxf3+ 10. Qxf3 g5 11. Bg3 d6 12. Qd1 h5 13. h4 Ng4 14. hxg5 Qxg5 15.
Qc1 Qf6 16. Nd1 h4 17. Bh2 Kh7 18. Ne3 Rg8 0-1

[Event "15th London Classic Open"]
[Site "London ENG"]
[Date "2025.11.30"]
[Round "6.51"]
[White "Hariharan, Shambavi"]
[Black "Hng, Mei-En Emmanuelle"]
[Result "1/2-1/2"]
[WhiteTitle "WFM"]
[BlackTitle "WFM"]
[WhiteElo "1988"]
[BlackElo "2125"]
[WhiteFideId "488160"]
[BlackFideId "5804566"]
[EventDate "2025.11.27"]

1. d4 Nf6 2. c4 e6 3. Nc3 c5 4. Nf3 cxd4 5. Nxd4 Bb4 6. Nb5 O-O 7. a3 Bxc3+ 8.
Nxc3 d5 9. e3 Nc6 10. Be2 dxc4 11. Qxd8 Rxd8 12. Bxc4 e5 13. O-O Bf5 14. Re1
Rac8 15. f3 Na5 16. Ba2 e4 17. Ne2 Be6 18. b4 Bxa2 19. bxa5 Bc4 20. Nd4 Bd3 21.
Bd2 1/2-1/2

[Event "15th London Classic Open"]
[Site "London ENG"]
[Date "2025.12.01"]
[Round "7.1"]
[White "Ivic, Velimir"]
[Black "Praggnanandhaa, R"]
[Result "1/2-1/2"]
[WhiteTitle "GM"]
[BlackTitle "GM"]
[WhiteElo "2618"]
[BlackElo "2768"]
[WhiteFideId "950122"]
[BlackFideId "25059530"]
[EventDate "2025.11.27"]

1. e4 e5 2. Nf3 Nc6 3. Bb5 a6 4. Ba4 Nf6 5. O-O Bc5 6. c3 b5 7. Bb3 d6 8. d4 Bb6
9. Be3 O-O 10. Nbd2 Re8 11. h3 exd4 12. cxd4 Na5 13. Bc2 Bb7 14. b3 Nxe4 15.
Nxe4 Bxe4 16. Bxe4 Rxe4 17. Ng5 Re7 18. Qd3 g6 19. Ne4 d5 20. Nf6+ Kh8 21. Ng4
Re8 22. Rac1 f6 23. Bf4 Re6 24. Rfe1 Qe7 1/2-1/2

[Event "15th London Classic Open"]
[Site "London ENG"]
[Date "2025.12.01"]
[Round "7.2"]
[White "Iniyan, Pa"]
[Black "Ghasi, Ameet K"]
[Result "0-1"]
[WhiteTitle "GM"]
[BlackTitle "GM"]
[WhiteElo "2601"]
[BlackElo "2500"]
[WhiteFideId "25002767"]
[BlackFideId "409200"]
[EventDate "2025.11.27"]

1. d4 Nf6 2. c4 g6 3. Nc3 Bg7 4. e4 d6 5. f3 O-O 6. Be3 b6 7. Nge2 e6 8. Qd2 Ba6
9. b3 c5 10. Rd1 Nc6 11. d5 exd5 12. exd5 Ne5 13. Ng3 h5 14. Be2 Nh7 15. f4 Nd7
16. f5 Ne5 17. O-O Bc8 18. Rde1 h4 19. fxg6 fxg6 20. Rxf8+ Qxf8 21. Nge4 Bf5 22.
Ng5 Nxg5 23. Bxg5 h3 24. Rf1 hxg2 25. Kxg2 Re8 26. Bd1 Bh3+ 0-1

[Event "15th London Classic Open"]
[Site "London ENG"]
[Date "2025.12.01"]
[Round "7.3"]
[White "Chasin, Nico"]
[Black "Pranav, Anand"]
[Result "0-1"]
[WhiteTitle "IM"]
[BlackTitle "GM"]
[WhiteElo "2512"]
[BlackElo "2581"]
[WhiteFideId "30908477"]
[BlackFideId "46626786"]
[EventDate "2025.11.27"]

1. d4 Nf6 2. c4 e6 3. Nf3 d5 4. Nc3 Bb4 5. Bg5 Nbd7 6. e3 c5 7. cxd5 exd5 8.
dxc5 Qa5 9. Rc1 Bxc3+ 10. bxc3 O-O 11. Bxf6 Nxf6 12. Qb3 Qxc5 13. Qb4 Qc7 14.
Bd3 Bd7 15. O-O b5 16. h3 Rab8 17. Rfd1 Rb6 18. Nd2 Rc8 19. e4 Rc6 20. exd5 Rxc3
21. Nb3 Qe5 22. Bxb5 Rxc1 23. Rxc1 Rxc1+ 24. Nxc1 Qa1 25. Bf1 Qxc1 26. Qb8+ Qc8
27. Qxa7 Nxd5 28. a4 Nc7 29. Bc4 Ne6 30. Bf1 Qc7 31. Qa8+ Qd8 32. Qa7 Bc6 33. a5
g6 34. a6 Kg7 35. Qe3 Qf6 36. Qa3 Qd4 37. a7 Ba8 38. Be2 Ng5 39. Qa2 Qe4 40. f3
Qd4+ 41. Kf1 Ne6 42. Bc4 Nf4 43. Bxf7 Qd1+ 44. Kf2 Nxg2 45. Qb3 Qd2+ 46. Kg3 0-1

[Event "15th London Classic Open"]
[Site "London ENG"]
[Date "2025.12.01"]
[Round "7.4"]
[White "Kraemer, Martin"]
[Black "Maze, Sebastien"]
[Result "1/2-1/2"]
[WhiteTitle "GM"]
[BlackTitle "GM"]
[WhiteElo "2571"]
[BlackElo "2534"]
[WhiteFideId "4671910"]
[BlackFideId "613762"]
[EventDate "2025.11.27"]

1. d4 Nf6 2. c4 g6 3. Nc3 Bg7 4. e4 d6 5. Be2 Nbd7 6. Nf3 e5 7. O-O O-O 8. Be3
h6 9. dxe5 dxe5 10. h3 c6 11. b4 Nh5 12. g3 Qe7 13. Qb3 Re8 14. Kg2 Nf8 15. Rad1
Ne6 16. Rfe1 Qf6 17. Na4 Rd8 18. Rxd8+ Qxd8 19. Rd1 Qe7 20. a3 Bd7 21. Nc5 Nxc5
22. Bxc5 Qe6 23. Ng1 Nf6 24. Qc2 a5 25. Qd3 axb4 26. axb4 Qe8 27. Nf3 Qe6 28.
Ng1 Qe8 29. Nf3 Qe6 1/2-1/2

[Event "15th London Classic Open"]
[Site "London ENG"]
[Date "2025.12.01"]
[Round "7.5"]
[White "Fodor, Tamas Jr."]
[Black "Smirin, Ilia"]
[Result "1/2-1/2"]
[WhiteTitle "GM"]
[BlackTitle "GM"]
[WhiteElo "2508"]
[BlackElo "2554"]
[WhiteFideId "723762"]
[BlackFideId "2801990"]
[EventDate "2025.11.27"]

1. d4 Nf6 2. c4 e6 3. Nc3 Bb4 4. e3 O-O 5. Bd2 Re8 6. Nf3 d5 7. Rc1 b6 8. cxd5
exd5 9. Bd3 Bf8 10. Ne5 Bb7 11. O-O c5 12. f4 Nc6 13. Be1 cxd4 14. Nxc6 Bxc6 15.
exd4 Qd7 16. f5 Ne4 17. Bh4 Rac8 18. Qg4 Qd6 19. a3 Bd7 20. Bxe4 dxe4 21. Rcd1
e3 22. Qe2 Qh6 23. Bg3 Bxa3 24. Ra1 Bd6 25. Rxa7 Bxg3 26. hxg3 Qd6 27. Rf4 b5
28. Ra1 b4 29. Ne4 Qd5 30. Qd3 Kf8 31. f6 Bf5 32. fxg7+ Kxg7 33. Nf6 Bxd3 34.
Nxd5 b3 35. Re1 e2 36. Kf2 Re6 37. Rg4+ Rg6 38. Rf4 Rd6 39. Ke3 Bc2 40. Rg4+ Kf8
41. Nf4 Re8+ 42. Kf2 Ra8 43. Rg5 Ra2 44. Rxe2 Rxb2 45. Nh5 f5 46. Rxf5+ Bxf5 47.
Rxb2 Bc2 48. Ke3 Rg6 49. Nf4 Rxg3+ 50. Kf2 Rg8 51. Nd5 Kf7 52. Ne3 Rc8 53. Ke1
h5 54. Kd2 Rg8 55. Ke1 Rc8 56. Kd2 1/2-1/2

[Event "15th London Classic Open"]
[Site "London ENG"]
[Date "2025.12.01"]
[Round "7.6"]
[White "Sanal, Vahap"]
[Black "Fernandez, Daniel Howard"]
[Result "0-1"]
[WhiteTitle "GM"]
[BlackTitle "GM"]
[WhiteElo "2546"]
[BlackElo "2501"]
[WhiteFideId "6300545"]
[BlackFideId "5801605"]
[EventDate "2025.11.27"]

1. e4 c5 2. Nc3 Nc6 3. Bb5 Nd4 4. a4 e6 5. Nge2 a6 6. Bc4 Nf6 7. d3 Qc7 8. Ba2
Nxe2 9. Qxe2 Bd6 10. h3 Be5 11. O-O d6 12. Bd2 Bd7 13. f4 Bd4+ 14. Kh1 O-O-O 15.
Nd1 g6 16. Be1 c4 17. dxc4 Bxa4 18. Qd3 Ba7 19. Bh4 Nh5 20. Bxd8 Rxd8 21. Bb3
Bc6 22. Nc3 g5 23. Qf3 Nxf4 24. g3 Nxh3 25. Nb5 axb5 26. Rxa7 f5 27. Qh5 Kb8 28.
Rfa1 Bxe4+ 29. Kh2 Qc5 30. Qe2 g4 31. Qd2 bxc4 32. Ra8+ Kc7 33. Rxd8 Ng5 34. Rf1
cxb3 35. cxb3 Nf3+ 36. Rxf3 gxf3 37. Ra8 f2 38. Ra1 f4 39. g4 Qg5 40. Qc3+ Bc6
41. Qh3 Bb5 42. Qxh7+ Kb6 43. Rc1 f1=Q 0-1

[Event "15th London Classic Open"]
[Site "London ENG"]
[Date "2025.12.01"]
[Round "7.7"]
[White "Kazarian, Anna-Maja"]
[Black "Siva, Mahadevan"]
[Result "1/2-1/2"]
[WhiteTitle "FM"]
[BlackTitle "IM"]
[WhiteElo "2224"]
[BlackElo "2424"]
[WhiteFideId "1033689"]
[BlackFideId "25043153"]
[EventDate "2025.11.27"]

1. e4 e5 2. Nf3 Nc6 3. Nc3 g6 4. d4 exd4 5. Nxd4 Bg7 6. Be3 Nf6 7. Nxc6 bxc6 8.
e5 Ng8 9. f4 Ne7 10. Bc5 O-O 11. Qd2 d6 12. O-O-O Nd5 13. Nxd5 cxd5 14. exd6 Rb8
15. c3 Be6 16. Kb1 cxd6 17. Bd4 Qa5 18. Bxg7 Kxg7 19. Qd4+ Kg8 20. Bd3 Qc5 21.
Rhe1 Rfc8 22. f5 gxf5 23. Qxc5 dxc5 24. Rf1 Rb6 25. Bxf5 Rcb8 26. b3 a5 27. Kc1
a4 28. Bc2 axb3 29. axb3 Ra6 30. Kb2 d4 31. cxd4 c4 32. d5 cxb3 33. Bb1 Bd7 34.
Rf3 Ra5 35. Rd4 Rbb5 36. Rg3+ Kf8 37. d6 Rd5 38. Bxh7 f5 39. Rxd5 Rxd5 40. Kxb3
Rxd6 41. Rf3 Rd5 42. g4 Kg7 43. Bxf5 Bxf5 44. gxf5 Kf6 45. h4 Rxf5 46. Rxf5+
Kxf5 47. h5 Kg5 48. h6 Kxh6 1/2-1/2

[Event "15th London Classic Open"]
[Site "London ENG"]
[Date "2025.12.01"]
[Round "7.8"]
[White "Gavrilescu, David"]
[Black "Willow, Jonah B"]
[Result "1-0"]
[WhiteTitle "GM"]
[BlackTitle "IM"]
[WhiteElo "2542"]
[BlackElo "2472"]
[WhiteFideId "1227190"]
[BlackFideId "438804"]
[EventDate "2025.11.27"]

1. e4 c5 2. Nf3 g6 3. c3 d5 4. e5 Bg4 5. Bb5+ Nc6 6. d4 cxd4 7. Bxc6+ bxc6 8.
cxd4 Qb6 9. Nbd2 Qb5 10. Qe2 Rb8 11. h3 Bxf3 12. Nxf3 e6 13. Qxb5 cxb5 14. Ke2
h6 15. Bd2 Kd7 16. Rac1 Ne7 17. Bb4 Nc6 18. Bxf8 Rhxf8 19. Ke3 Rfc8 20. Nh2 Nb4
21. a3 Nc6 22. Ng4 b4 23. Nxh6 bxa3 24. bxa3 Rb3+ 25. Kf4 Rxa3 26. Kg5 a5 27. h4
a4 28. Ng4 Nxd4 29. Rxc8 Kxc8 30. Kf6 Rb3 31. Kxf7 a3 32. Kxg6 a2 33. Ra1 Ra3
34. h5 Nb3 35. Rxa2 Rxa2 36. h6 Kc7 37. h7 Ra8 38. Nf6 Rh8 39. Kg7 Rxh7+ 40.
Kxh7 Nd2 1-0

[Event "15th London Classic Open"]
[Site "London ENG"]
[Date "2025.12.01"]
[Round "7.9"]
[White "Gasanov, Eldar"]
[Black "Yuffa, Daniil"]
[Result "1/2-1/2"]
[WhiteTitle "GM"]
[BlackTitle "GM"]
[WhiteElo "2447"]
[BlackElo "2618"]
[WhiteFideId "14104466"]
[BlackFideId "24131423"]
[EventDate "2025.11.27"]

1. d4 d5 2. c4 c6 3. Nf3 Nf6 4. Qb3 e6 5. Bg5 Nbd7 6. Nc3 h6 7. Bf4 dxc4 8. Qxc4
c5 9. e3 a6 10. dxc5 Bxc5 11. Be2 b5 12. Qd3 Bb7 13. O-O Qe7 14. Ne5 Nxe5 15.
Bxe5 Rd8 16. Qc2 Rc8 17. Rfd1 O-O 18. a3 Nd5 19. Nxd5 Bxd5 20. Qd2 Rfd8 21. Qe1
Qg5 22. Bg3 h5 23. h4 Qg6 24. Rac1 Be7 25. f3 Qf6 26. e4 Rxc1 27. Rxc1 Ba2 28.
Rc7 Qd4+ 29. Kh2 Bd6 30. Bxd6 Qxd6+ 31. Qg3 Qd2 32. Qg5 Qxg5 33. hxg5 Rd2 34.
Bf1 Rxb2 35. Ra7 Rb1 36. Be2 Re1 37. Bd3 Re3 38. Bf1 Rxa3 39. Bxb5 a5 40. Be8 e5
41. g6 fxg6 42. Bxg6 Kf8 43. Bxh5 Be6 44. Kg3 Ra2 45. Ra8+ Ke7 46. Ra7+ Kf6 47.
Ra6 Ke7 48. Ra7+ Kf6 49. Ra6 1/2-1/2